[Event "Netanya op"]
[Site "Netanya"]
[Date "2019.06.28"]
[Round "6"]
[White "Brenner, Moshe"]
[Black "Gorodetzky, Matan"]
[Result "0-1"]
[WhiteElo "2098"]
[BlackElo "2303"]
[PlyCount "92"]
[EventDate "2019.06.23"]
[EventType "swiss"]
[EventRounds "9"]
[EventCountry "ISR"]
[SourceTitle "CBM 191 Extra"]
[Source "ChessBase"]
[SourceDate "2019.09.30"]
[SourceVersion "1"]
[SourceVersionDate "2019.09.30"]
[SourceQuality "1"]

1. d4 d5 2. Nf3 c5 3. e3 Nc6 4. b3 Nf6 5. Bb2 cxd4 6. Nxd4 e6 7. Be2 Bd6 8. Nd2 0-0 9. 0-0 e5 10. Nb5 a6 11. Nxd6 Qxd6 12. Nf3 Rd8 13. h3 b5 14. a3 Rb8 15. Re1 h6 16. Bf1 Bf5 17. Qe2 d4 18. Rad1 Qc5 19. b4 Qb6 20. exd4 exd4 21. Qd2 Qc7 22. Bd3 Be6 23. Bf1 Bf5 24. Bxd4 Be4 25. Qe3 Bxf3 26. gxf3 Nxd4 27. Rxd4 Qxc2 28. Bd3 Qb2 29. Rxd8+ Rxd8 30. Be4 Re8 31. Qd3 Kh8 32. Re3 Qa1+ 33. Qf1 Qd4 34. Qd3 Qb6 35. Qc2 Qd6 36. Qc5 Qf4 37. Bd3 Rd8 38. Qf5 Qd4 39. Kg2 g6 40. Qc5 Qxc5 41. bxc5 Nd5 42. Be4 Nxe3+ 43. fxe3 a5 44. Kf2 b4 45. axb4 axb4 46. Ke2 b3 0-1

[Event "Netanya op"]
[Site "Netanya"]
[Date "2019.06.26"]
[Round "4"]
[White "Brenner, Moshe"]
[Black "Shetah, Roi"]
[Result "1-0"]
[WhiteElo "2098"]
[BlackElo "1871"]
[PlyCount "71"]
[EventDate "2019.06.23"]
[EventType "swiss"]
[EventRounds "9"]
[EventCountry "ISR"]
[SourceTitle "CBM 191 Extra"]
[Source "ChessBase"]
[SourceDate "2019.09.30"]
[SourceVersion "1"]
[SourceVersionDate "2019.09.30"]
[SourceQuality "1"]

1. d4 Nf6 2. c4 e6 3. Nf3 d5 4. g3 Be7 5. Bg2 0-0 6. 0-0 dxc4 7. Qa4 a6 8. Qxc4 b5 9. Qc2 Bb7 10. Rd1 Qc8 11. Be3 Nbd7 12. Nc3 c5 13. Rac1 c4 14. a3 Bc6 15. Ne1 Nd5 16. Bd2 Nxc3 17. Bxc3 Bxg2 18. Nxg2 a5 19. Qd2 Qa6 20. d5 exd5 21. Qxd5 Nc5 22. Qe5 Ne6 23. Qe4 b4 24. axb4 axb4 25. Be5 Rfc8 26. Ne3 f6 27. Nf5 Bf8 28. Bd6 Ng5 29. Qd5+ Nf7 30. Bxf8 Kxf8 31. Qe4 Re8 32. Qxc4 Qxc4 33. Rxc4 Rxe2 34. Rxb4 Ne5 35. Nd4 Re4 36. Ne6+ 1-0